Claytonics : Digital Investigation In Contemporary Architectural Applications Of Clay. (Record no. 361495)

MARC details
000 -LEADER
fixed length control field 00316nam a2200097Ia 4500
008 - FIXED-LENGTH DATA ELEMENTS--GENERAL INFORMATION
fixed length control field 241105s9999 xx 000 0 und d
041 ## - LANGUAGE CODE
Language code of text/sound track or separate title eng
100 ## - MAIN ENTRY--PERSONAL NAME
Personal name Agarwal Khushboo
9 (RLIN) 183200
245 ## - TITLE STATEMENT
Title Claytonics : Digital Investigation In Contemporary Architectural Applications Of Clay.
260 ## - PUBLICATION, DISTRIBUTION, ETC. (IMPRINT)
Name of publisher, distributor, etc. BNCA M Arch Digital
Date of publication, distribution, etc. 2017

No items available.